[Event "Monthey op 4th"]
[Site "Monthey"]
[Date "2013.10.06"]
[Round "4"]
[White "Cirafici, Pierre"]
[Black "Popescu, Vlad"]
[Result "0-1"]
[WhiteElo "1745"]
[BlackElo "1756"]
[PlyCount "72"]
[EventDate "2013.10.04"]
[EventType "swiss"]
[EventRounds "7"]
[EventCountry "SUI"]
[SourceTitle "EXT 2017"]
[Source "ChessBase"]
[SourceDate "2016.10.25"]
[SourceVersion "1"]
[SourceVersionDate "2016.10.25"]
[SourceQuality "1"]

1. e4 e6 2. Nc3 d5 3. d4 Nf6 4. e5 Nfd7 5. Nf3 c5 6. b3 Nc6 7. Be3 cxd4 8. Bxd4 Bb4 9. a3 Nxd4 10. axb4 Nxf3+ 11. Qxf3 Nxe5 12. Qg3 Qf6 13. Nb5 Nf3+ 14. gxf3 Qxa1+ 15. Kd2 0-0 16. Rg1 Bd7 17. Nc3 g6 18. Bb5 Qa3 19. Bxd7 Qxb4 20. Kd3 Rfd8 21. Ba4 d4 22. Na2 Qc5 23. b4 Qf5+ 24. Kd2 d3 25. c3 Qd5 26. Nc1 Rac8 27. Bb3 Qc6 28. Qe5 Qxf3 29. Qe3 Qc6 30. c4 Qd6 31. f4 Qxb4+ 32. Kd1 a5 33. Rg5 a4 34. Rb5 Qc3 35. Ba2 Qc2+ 36. Ke1 d2+ 0-1